The Gilded Age Characters by Picture - Statistics

General Stats
  • This quiz has been taken 15 times
  • The average score is 11 of 28
Answer Stats
Picture Answer % Correct
George Russell
100%
Bertha Russell
80%
Larry Russell
80%
Mrs. Astor
80%
Oscar van Rhijn
80%
Peggy Scott
80%
Agnes van Rhijn
60%
Arthur Scott
60%
Marian Brook
60%
Dr. William Kirkland
40%
Duke of Buckingham
40%
Gladys Russel
40%
Jack Trotter
40%
John Adams
40%
Luke Forte
40%
Ada Brook
20%
Aurora Fane
20%
Carrie Astor
20%
Church
20%
Dorothy Scott
20%
Enid Winterton
20%
Maud Beaton
20%
Mrs. Fish
20%
Tom Raikes
20%
T. Thomas Fortune
20%
Dashiell Montgomery
0%
Mrs. Bauer
0%
Ward McAllister
0%
No matching quizzes found
Score Distribution
Percent of People with Each Score
Percentile by Number Answered
Your Score History
You have not taken this quiz